Statistiques concernant 30 degrés méridiens de l'est des pays

Cliquez ici pour prendre le quiz!

Statistiques générales

  • Ce quiz a été pris 297 fois
    (14 depuis la dernière actualisation)
  • Le résultat moyen est 14 sur 20

Statistiques - réponses

degrés pays % Correct
Turquie
85%
Ukraine
85%
Russie
85%
Afrique du Sud
77%
Soudan
77%
Burundi
77%
Égypte
77%
Ouganda
77%
Soudan du Sud
77%
Biélorussie
77%
Zimbabwe
69%
Rwanda
69%
0.29°Roumanie
69%
Rép dém Congo
62%
Moldavie
62%
0.20°Mozambique
62%
Tanzanie
54%
Norvège
54%
Finlande
54%
Zambie
46%

Distribution des résultats

Percentile by Number Answered

% des personnes avec chaque résultat

Votre développement - résultats

Vous n’avez pas pris ce quiz depuis la dernière actualisation